Policing the nation : (Record no. 139134)

MARC details
000 -LEADER
fixed length control field 00609nam a22001937a 4500
005 - DATE AND TIME OF LATEST TRANSACTION
control field 20170420165136.0
010 ## - LCCN (DPL NO)
LC control number ENG-117792
020 ## - INTERNATIONAL STANDARD BOOK NUMBER
International Standard Book Number 9788170495062
Terms of availability 795.00
035 ## - SYSTEM CONTROL NUMBER
System control number EN-101324
037 ## - SOURCE OF ACQUISITION
Source of stock number/acquisition DBAD/PUB
082 ## - DEWEY DECIMAL CLASSIFICATION NUMBER
Classification number 363.2092
100 ## - MAIN ENTRY--PERSONAL NAME
Personal name Tripathy,A.B.
245 ## - TITLE STATEMENT
Title Policing the nation :
Statement of responsibility, etc by S.L.Gulati
Remainder of title diaries of a country cousin /
260 ## - PUBLICATION, DISTRIBUTION, ETC. (IMPRINT)
Place of publication, distribution, etc New Delhi
Name of publisher, distributor, etc Manas Publications
Date of publication, distribution, etc 2015
270 ## - ADDRESS
Address 4402/5-A,Ansari road, (opp.HDFC Bank),Darya Ganj
City New Delhi
Postal code 110002
300 v# - PHYSICAL DESCRIPTION
Extent 415p.:
Dimensions 21cm (Hb)
Other physical details ill.
500 ## - GENERAL NOTE
General note included index
942 ## - ADDED ENTRY ELEMENTS (KOHA)
Source of classification or shelving scheme Dewey Decimal Classification
Item type English Books
Call number suffix TRI
Classification part 363.2092
Holdings
Withdrawn status Lost status Not for loan Collection code Home library Current library Date acquired Source of acquisition Cost, normal purchase price Full call number Barcode Copy number Cost, replacement price Koha item type
      Non-fiction Shahdara Branch Shahdara Branch 20/04/2017 DBAD/PUB 795.00 363.2092TRI EN-101324 1 795.00 English Books

© Delhi Public Library
Hit Counter
free hit counter